000
00311nam a22001337a 4500
003
SGT
082
_a
617.69
_b
R25S
100
_a
Sharma, Divya
245
_a
Role of titled implants in full arch rehabilitation
260
_b
SGT University
_c
2025
300
_a
109
650
_a
Prosthodontics
942
_2
ddc
_c
TH
999
_c
31364
_d
31364